Rosa Italia 1990 - Statistics

Statistiche generali
  • Questo quiz è stato fatto 93 volte
  • Il punteggio medio è 14 su 22
Statistiche sulle risposte
Ruolo Club dell'epoca Calciatore % Corretto
Sampdoria Gianluca Vialli
92%
Difensore Milan Franco Baresi
89%
Milan Paolo Maldini
89%
Inter Giuseppe Bergomi
88%
Sampdoria Roberto Mancini
88%
Portiere Inter Walter Zenga
88%
Attaccante Fiorentina Roberto Baggio
83%
Sampdoria Gianluca Pagliuca
78%
Juventua Salvatore Schillaci
78%
Napoli Ciro Ferrara
69%
Juventus Stefano Tacconi
66%
Inter Nicola Berti
56%
Milan Roberto Donadoni
56%
Napoli Fernando De Napoli
52%
Inter Aldo Serena
50%
Centrocampista Milan Carlo Ancelotti
50%
Sampdoria Pietro Vierchowod
48%
Roma Giuseppe Giannini
47%
Napoli Andrea Carnevale
38%
Inter Riccardo Ferri
38%
Juventus Luigi De Agostini
28%
Juventus Giancarlo Marocchi
25%
Nessun quiz corrispondente trovato
Distribuzione punteggi
Percentuale di utenti per punteggio
Percentile per numero di risposta
I tuoi punteggi nel tempo
Non hai fatto questo quiz